| 000 | 00590nam a22002057a 4500 | ||
|---|---|---|---|
| 005 | 20171219112650.0 | ||
| 010 | _aENG-121906 | ||
| 020 |
_a9789384877095 _c590.00 |
||
| 035 | _aEN-105438 | ||
| 037 | _bDBAD/PUB | ||
| 082 | _a551.4320954 | ||
| 100 | _aSingh,R.J | ||
| 245 |
_aMountains of India / _cby R,J.Singh |
||
| 260 |
_aDelhi _bHari books _c2016 |
||
| 270 |
_aE-77/354,Nehru camp,Juggi,I.P.ext. _bDelhi _e110091 |
||
| 300 |
_avi,144p. _c23cm(Hb) |
||
| 500 | _aIncludes bibliographical references | ||
| 700 | _aSingh,R.J | ||
| 942 |
_2ddc _cEN _h551.4320954 _mSIN |
||
| 999 |
_c148046 _d148046 |
||